Les plus gros transferts du football - Footballeurs allemands - Statistiques

Statistiques générales
  • Ce quiz a été pris 116 fois
  • Le résultat moyen est 8 sur 10
Statistiques - réponses
Montant de transfert (M €) Saison Venant de Allant à Joueur % Correct
80,00 2020-2021 Bayer Leverkusen Chelsea Kai Havertz
99%
75,00 2023-2024 Chelsea Arsenal Kai Havertz
99%
47,00 2013-2014 Real Madrid Arsenal Mesut Özil
85%
52,00 2016-2017 FC Schalke 04 Manchester City Leroy Sané
83%
49,00 2020-2021 Manchester City Bayern Munich Leroy Sané
83%
53,00 2020-2021 RB Leipzig Chelsea Timo Werner
79%
43,00 2015-2016 FC Schalke 04 VfL Wolfsburg Julian Draxler
78%
37,00 2013-2014 Borussia Dortmund Bayern Munich Mario Götze
68%
37,00 2018-2019 FC Schalke 04 Paris SG Thilo Kehrer
57%
41,00 2016-2017 FC Valencia Arsenal Shkodran Mustafi
50%
Aucun quiz correspondant
Distribution des résultats
% des personnes avec chaque résultat
Percentile par nombre de réponses
Votre historique - résultats
Vous n’avez pas pris ce quiz